000 00627nam a2200205 a 4500
001 000040209
005 20201002034002.0
008 101116s1967 mx r 000 0 spa d
040 _aDO-SdBNP
_bspa
_cBNPHU
082 _a863.44
_bY12ó, 1967
100 1 _aYáñez, Agustín,
_d1904-1980.
_924436
245 1 0 _aOjerosa y pintada :
_bla vida en la ciudad de México /
_cAgustín Yáñez.
250 _a2a ed.
260 _aMéxico :
_bJoaquín Mortiz,
_c1967.
300 _a208, p. ;
_c18 cm.
490 1 _aDel volador
650 4 _aNovela mexicana
_93959
650 4 _aLiteratura mexicana
_91922
830 0 _aDel volador
_939061
999 _c39699
_d39699